Betrieblicher Umweltschutz und Innovationen Modellkonzepte und Realisierung
Guardado en:
| Autor principal: | |
|---|---|
| Formato: | Libro |
| Lenguaje: | alemán |
| Publicado: |
Wiesbaden
Gabler
1992
|
| Edición: | 1. Aufl. |
| Colección: | Neue betriebswirtschaftliche Forschung
Bd.113 |
| Materias: | |
| Etiquetas: |
Sin Etiquetas, Sea el primero en etiquetar este registro!
|
MARC
| LEADER | 00000nam a2200000 4500 | ||
|---|---|---|---|
| 001 | c010177 | ||
| 005 | 20221206082937.7 | ||
| 020 | |a 3-409-13671-1 | ||
| 041 | 0 | |a ger | |
| 044 | |a DE | ||
| 245 | 1 | 0 | |a Betrieblicher Umweltschutz und Innovationen |b Modellkonzepte und Realisierung |c Doris Wessels |
| 250 | |a 1. Aufl. | ||
| 264 | 1 | |a Wiesbaden |b Gabler |c 1992 | |
| 300 | |a 323 s. | ||
| 490 | 1 | |a Neue betriebswirtschaftliche Forschung |v Bd.113 | |
| 830 | 0 | |a Neue betriebswirtschaftliche Forschung |v Bd.113 | |
| 610 | 2 | 0 | |a prostredie životné |
| 610 | 2 | 0 | |a ochrana prostredia životného |
| 610 | 2 | 0 | |a podnik |
| 610 | 2 | 0 | |a manažment |
| 610 | 2 | 0 | |a produkcia |
| 610 | 2 | 0 | |a inovácia |
| 610 | 2 | 0 | |a financovanie |
| 610 | 2 | 0 | |a modely matematické |
| 610 | 2 | 0 | |a ekológia |
| 100 | 1 | |a Wessels, Doris | |